<?xml version="1.0" encoding="UTF-8"?><?xml-stylesheet type="text/xsl" href="static/style.xsl"?><OAI-PMH xmlns="http://www.openarchives.org/OAI/2.0/" xmlns:xsi="http://www.w3.org/2001/XMLSchema-instance" xsi:schemaLocation="http://www.openarchives.org/OAI/2.0/ http://www.openarchives.org/OAI/2.0/OAI-PMH.xsd"><responseDate>2026-04-13T07:30:40Z</responseDate><request verb="GetRecord" identifier="oai:www.recercat.cat:2072/434595" metadataPrefix="marc">https://recercat.cat/oai/request</request><GetRecord><record><header><identifier>oai:recercat.cat:2072/434595</identifier><datestamp>2024-10-31T02:53:02Z</datestamp><setSpec>com_2072_98</setSpec><setSpec>col_2072_378192</setSpec></header><metadata><record xmlns="http://www.loc.gov/MARC21/slim" xmlns:dcterms="http://purl.org/dc/terms/" xmlns:xsi="http://www.w3.org/2001/XMLSchema-instance" xmlns:doc="http://www.lyncode.com/xoai" xsi:schemaLocation="http://www.loc.gov/MARC21/slim http://www.loc.gov/standards/marcxml/schema/MARC21slim.xsd">
   <leader>00925njm 22002777a 4500</leader>
   <datafield ind2=" " ind1=" " tag="042">
      <subfield code="a">dc</subfield>
   </datafield>
   <datafield ind2=" " ind1=" " tag="720">
      <subfield code="a">Wilson, Amy P.</subfield>
      <subfield code="e">author</subfield>
   </datafield>
   <datafield ind2=" " ind1=" " tag="260">
      <subfield code="c">2019</subfield>
   </datafield>
   <datafield ind2=" " ind1=" " tag="520">
      <subfield code="a">Despite the importance of animals to South Africa, animal law is not yet recognized a separate distinct area of law. In an attempt to rectify this, the article provides a high level introduction to this highly complex field. By providing background and context into historical and current injustices regarding humans and animals, it alleges that the current legal system has failed to provide adequate protection to either group. By analyzing the existing regulatory framework and case law, it lays out the realities of obtaining better protection for animals in law. It then argues why it is particularly critical for the country to consider animal interests both individually and collectively with human interests by providing examples of how these interests intersect in practice. It suggests an approach for future protection efforts and concludes by providing some opportunities going forward for animal law reform in South Africa.</subfield>
   </datafield>
   <datafield ind2=" " ind1=" " tag="520">
      <subfield code="a">A pesar de la importancia de los animales para Sudáfrica, el derecho animal aún no es reconocido como un área distinta dentro del Derecho. En un intento por rectificar esto, el artículo proporciona una introducción de alto nivel a este campo tan complejo. Proporcionando antecedentes y un contexto a las injusticias históricas y actuales en relación a los humanos y animales, se alega que el sistema jurídico actual no proporciona una protección adecuada a ninguno de los grupos. Analizando el marco regulatorio y la jurisprudencia existente, se establecen las realidades de la obtención de una mejor protección para los animales en el Derecho. A continuación argumenta por qué es particularmente crítico para el país tener en consideración los intereses de los animales de forma tanto individual como colectiva con los intereses humanos proporcionando ejemplos de cómo dichos intereses se cruzan en la práctica. Sugiere un enfoque para futuros esfuerzos de protección y concluye brindando algunas oportunidades para la reforma del derecho animal en Sudáfrica.</subfield>
   </datafield>
   <datafield tag="653" ind2=" " ind1=" ">
      <subfield code="a">Animal law</subfield>
   </datafield>
   <datafield tag="653" ind2=" " ind1=" ">
      <subfield code="a">South africa</subfield>
   </datafield>
   <datafield tag="653" ind2=" " ind1=" ">
      <subfield code="a">Animals</subfield>
   </datafield>
   <datafield tag="653" ind2=" " ind1=" ">
      <subfield code="a">Animal protection</subfield>
   </datafield>
   <datafield tag="653" ind2=" " ind1=" ">
      <subfield code="a">Law</subfield>
   </datafield>
   <datafield tag="653" ind2=" " ind1=" ">
      <subfield code="a">Human rights</subfield>
   </datafield>
   <datafield tag="653" ind2=" " ind1=" ">
      <subfield code="a">Derecho animal</subfield>
   </datafield>
   <datafield tag="653" ind2=" " ind1=" ">
      <subfield code="a">Sudáfrica</subfield>
   </datafield>
   <datafield tag="653" ind2=" " ind1=" ">
      <subfield code="a">Animales</subfield>
   </datafield>
   <datafield tag="653" ind2=" " ind1=" ">
      <subfield code="a">Protección animal</subfield>
   </datafield>
   <datafield tag="653" ind2=" " ind1=" ">
      <subfield code="a">Derecho</subfield>
   </datafield>
   <datafield tag="653" ind2=" " ind1=" ">
      <subfield code="a">Derechos humanos</subfield>
   </datafield>
   <datafield ind2="0" ind1="0" tag="245">
      <subfield code="a">Animal Law in South Africa : "Until the lions have their own lawyers, the law will continue to protect the hunter"</subfield>
   </datafield>
</record></metadata></record></GetRecord></OAI-PMH>